Conflict
Saved in:
| Hovedforfatter: | |
|---|---|
| Format: | Bog |
| Sprog: | engelsk |
| Udgivet: |
Nueva York
Free Press
1964
|
| Fag: | |
| Tags: |
Tilføj Tag
Ingen Tags, Vær først til at tagge denne postø!
|
MARC
| LEADER | 00000nam a2200000 a 4500 | ||
|---|---|---|---|
| 001 | UCQ0807 | ||
| 003 | CL-VaPUC | ||
| 008 | 980703e19640000US |||||||||||||||||eng|d | ||
| 082 | 0 | 4 | |a 303.6 |b SIM |2 21 |
| 100 | 0 | |a Simmel, Georg |e author |9 368203 | |
| 245 | 1 | 0 | |a Conflict |
| 246 | 1 | 4 | |a The web of group-affilations |
| 300 | |a 195 p | ||
| 942 | |c BK | ||
| 945 | |d 19980703 00:00:00 |a crobeson | ||
| 260 | |a Nueva York |b Free Press |c 1964 | ||
| 650 | 0 | |a Conflicto social |9 255404 | |
| 650 | 0 | |a Interacción social |9 307764 | |
| 650 | 7 | |a CONFLICTO |2 CL-VaPUC |9 337242 | |
| 650 | 7 | |a SOCIOLOGIA DE GRUPOS |2 CL-VaPUC |9 412974 | |
| 650 | 0 | |a Organización social |9 357570 | |
| 583 | |a last modification |c 19980703 00:00:00 |k Rodrigo Vera | ||
| 999 | |c 271838 |d 271836 | ||
| 952 | |0 0 |1 0 |4 0 |6 303_600000000000000_SIM_1964 |7 0 |8 A |9 306613 |a BIBENE |b BIBENE |d 2019-11-20 |i 1427490 |o 303.6 SIM 1964 |p 1427490 |r 2025-01-15 |w 2019-11-20 |y BK |k ICO | ||